Carregant...
Food and faith : a theology of eating /
"This book provides a comprehensive theological framework for assessing eating's significance, demonstrating that eating is of profound economic, moral, and theological significance"--
| Autor principal: | |
|---|---|
| Format: | Printed Book |
| Idioma: | English |
| Publicat: |
New York :
Cambridge University Press,
2011.
|
| Matèries: |
| LEADER | 01755cam a22003374a 4500 | ||
|---|---|---|---|
| 008 | 101202s2011 nyu b 001 0 eng | ||
| 010 | |a 2010050332 | ||
| 020 | |a 9780521195508 (hardback) | ||
| 020 | |a 0521195500 (hardback) | ||
| 020 | |a 9780521146241 (paperback) | ||
| 020 | |a 0521146240 (paperback) | ||
| 035 | |a (OCoLC)ocn691203971 | ||
| 042 | |a pcc | ||
| 082 | 0 | 0 | |a 261 |2 22 |
| 084 | |a REL102000 |2 bisacsh | ||
| 100 | 1 | |a Wirzba, Norman. | |
| 245 | 1 | 0 | |a Food and faith : |b a theology of eating / |c Norman Wirzba. |
| 260 | |a New York : |b Cambridge University Press, |c 2011. | ||
| 300 | |a xix, 244 p. ; |c 24 cm. | ||
| 504 | |a Includes bibliographical references and indexes. | ||
| 505 | 0 | |a 1. Thinking theologically about food -- 2. The 'roots' of eating: our life together in gardens -- 3. Eating in exile: dysfunction in the world of food -- 4. Life through death: sacrificial eating -- 5. Eucharistic table manners: eating toward communion -- 6. Saying grace -- 7. Eating in Heaven?: consummating communion. | |
| 520 | |a "This book provides a comprehensive theological framework for assessing eating's significance, demonstrating that eating is of profound economic, moral, and theological significance"-- | ||
| 650 | 0 | |a Dinners and dining |x Religious aspects |x Christianity | |
| 650 | 0 | |a Food |x Religious aspects |x christianity | |
| 650 | 0 | |a Food habits. | |
| 942 | |c BK | ||
| 246 | 1 | 4 | |a Food & faith |
| 906 | |a 7 |b cbc |c orignew |d 1 |e ecip |f 20 |g y-gencatlg | ||
| 955 | |b re04 2010-12-02 |c re04 2010-12-02 ONIX to Art/Religion |a xd07 2011-07-02 1 copy rec'd., to CIP ver. | ||
| 999 | |c 96721 |d 96721 | ||
| 952 | |0 0 |1 0 |4 0 |6 261_000000000000000_WIR_F |7 0 |9 96431 |a UL |b UL |c ST1 |d 2011-12-09 |g 0.00 |l 4 |o 261 WIR/F |p 86936 |r 2018-08-21 |s 2018-07-21 |v 1296.98 |x 27 |y BK |k D. 24.99 | ||